000 00587nam a2200133Ia 4500
008 100328s9999 xx 000 0 und d
082 _b59223
100 _aसावंत कृ.रा.
245 _aलंगडणारा राजा (ाम्माल विनोदी एकांकिका).
260 _bआभा.
630 _aलंगडणारा राजा (ाम्माल विनोदी एकांकिका).
730 _aलंगडणारा राजा (ाम्माल विनोदी एकांकिका).
942 _cBOOK
999 _c545472
_d545469